[Event "CZE-ch U14 Girls"]
[Site "Kouty nad Desnou"]
[Date "2014.03.12"]
[Round "6"]
[White "Dancakova, Klara"]
[Black "Hunova, Zuzana"]
[Result "1-0"]
[WhiteElo "1209"]
[BlackElo "1085"]
[PlyCount "61"]
[EventDate "2014.03.08"]
[EventType "swiss"]
[EventRounds "9"]
[EventCountry "CZE"]
[SourceTitle "EXT 2015"]
[Source "ChessBase"]
[SourceDate "2014.11.20"]
[SourceVersion "1"]
[SourceVersionDate "2014.11.20"]
[SourceQuality "1"]

1. e4 e5 2. Nf3 Nc6 3. Nc3 Nf6 4. d4 exd4 5. Nxd4 Nxd4 6. Qxd4 g6 7. Bg5 Bg7 8. e5 Qe7 9. Be2 Qd8 10. Nd5 0-0 11. Bxf6 Bxf6 12. Nxf6+ Kg7 13. 0-0 Qe7 14. Nd5 Qg5 15. e6+ Kg8 16. Nf6+ Kg7 17. Ne4+ Kh6 18. Nxg5 Kxg5 19. exd7 Bxd7 20. Qxd7 Rfe8 21. Qg4+ Kf6 22. Bf3 Rad8 23. Bxb7 Rd2 24. Qf4+ Ke7 25. Rfe1+ Kf8 26. Rxe8+ Kxe8 27. Qxd2 Ke7 28. Qg5+ Kf8 29. Qf6 Ke8 30. Bc6+ Kf8 31. Re1 1-0

[Event "CZE-ch U14 Girls"]
[Site "Kouty nad Desnou"]
[Date "2014.03.09"]
[Round "2"]
[White "Korenova, Magdalena"]
[Black "Dancakova, Klara"]
[Result "1/2-1/2"]
[WhiteElo "1400"]
[BlackElo "1209"]
[PlyCount "67"]
[EventDate "2014.03.08"]
[EventType "swiss"]
[EventRounds "9"]
[EventCountry "CZE"]
[SourceTitle "EXT 2015"]
[Source "ChessBase"]
[SourceDate "2014.11.20"]
[SourceVersion "1"]
[SourceVersionDate "2014.11.20"]
[SourceQuality "1"]

1. e4 e6 2. d4 d5 3. exd5 exd5 4. Nf3 c5 5. Bb5+ Nc6 6. Ne5 Bd7 7. Nxd7 Qxd7 8. 0-0 Nf6 9. Re1+ Be7 10. c3 0-0 11. Bxc6 bxc6 12. Bg5 Rfe8 13. Nd2 Qf5 14. Re5 Qd7 15. Nf3 h6 16. Bh4 c4 17. Qd2 Ne4 18. Qe2 Bd6 19. Rxe8+ Rxe8 20. Re1 Bf4 21. Bg3 Bxg3 22. fxg3 Nf6 23. Ne5 Qd6 24. Qf1 c5 25. Qf2 cxd4 26. cxd4 Re7 27. Re2 Ne4 28. Qf4 Qf6 29. Qxf6 gxf6 30. Ng4 Kg7 31. Nf2 f5 32. g4 Kg6 33. Nh3 fxg4 34. Nf4+ 1/2-1/2

[Event "CZE-ch U14 Girls"]
[Site "Kouty nad Desnou"]
[Date "2014.03.08"]
[Round "1"]
[White "Dancakova, Klara"]
[Black "Zlamana, Anna"]
[Result "0-1"]
[WhiteElo "1209"]
[BlackElo "1489"]
[PlyCount "61"]
[EventDate "2014.03.08"]
[EventType "swiss"]
[EventRounds "9"]
[EventCountry "CZE"]
[SourceTitle "EXT 2015"]
[Source "ChessBase"]
[SourceDate "2014.11.20"]
[SourceVersion "1"]
[SourceVersionDate "2014.11.20"]
[SourceQuality "1"]

1. e4 e5 2. f4 exf4 3. Nf3 Nf6 4. Nc3 Bb4 5. d3 0-0 6. Bxf4 d5 7. a3 Bxc3+ 8. bxc3 dxe4 9. Ng5 exd3 10. Bxd3 Qe7+ 11. Qe2 Qxe2+ 12. Bxe2 h6 13. Nf3 Nd5 14. Bd2 Bf5 15. c4 Nf6 16. Nd4 Be4 17. Rg1 Nbd7 18. g4 c5 19. Nf5 Bxf5 20. gxf5 Kh7 21. Rb1 b6 22. Bf3 Rad8 23. Rb3 Ne5 24. Be2 Rfe8 25. Bf4 Nxc4 26. Rgg3 Nh5 27. Rg4 Nxf4 28. Rxf4 Ne3 29. c3 Nc2+ 30. Kf1 Ne3+ 31. Ke1 0-1

[Event "CZE-ch U10 Girls"]
[Site "Kouty nad Desnou"]
[Date "2011.03.16"]
[Round "6"]
[White "Ambrozova, Lucie"]
[Black "Dancakova, Klara"]
[Result "1-0"]
[WhiteElo "1250"]
[BlackElo "1000"]
[PlyCount "61"]
[EventDate "2011.03.12"]
[EventType "swiss"]
[EventRounds "9"]
[EventCountry "CZE"]
[SourceTitle "EXT 2014"]
[Source "ChessBase"]
[SourceDate "2013.11.20"]
[SourceVersion "1"]
[SourceVersionDate "2013.11.20"]
[SourceQuality "1"]

1. e4 e5 2. Nf3 Nc6 3. Bb5 a6 4. Ba4 d5 5. Nxe5 Be6 6. Nxc6 b5 7. Nxd8 Rxd8 8. Bb3 Nf6 9. Nc3 Bb4 10. 0-0 0-0 11. e5 Ng4 12. d3 Bc5 13. d4 Be7 14. Bxd5 Bxd5 15. Qxg4 Bc6 16. Bh6 g6 17. Bxf8 Rxf8 18. d5 Bb7 19. e6 h5 20. Qf3 f6 21. Qg3 g5 22. Qxc7 Rc8 23. Qxe7 Rf8 24. Qxb7 h4 25. d6 Rd8 26. e7 Kf7 27. exd8Q+ Kg6 28. Qe4+ f5 29. Qe6+ Kh5 30. f3 f4 31. Qh8# 1-0

[Event "CZE-ch U10 Girls"]
[Site "Kouty nad Desnou"]
[Date "2011.03.13"]
[Round "2"]
[White "Markova, Kristyna"]
[Black "Dancakova, Klara"]
[Result "0-1"]
[WhiteElo "1100"]
[BlackElo "1000"]
[PlyCount "46"]
[EventDate "2011.03.12"]
[EventType "swiss"]
[EventRounds "9"]
[EventCountry "CZE"]
[SourceTitle "EXT 2014"]
[Source "ChessBase"]
[SourceDate "2013.11.20"]
[SourceVersion "1"]
[SourceVersionDate "2013.11.20"]
[SourceQuality "1"]

1. e4 d5 2. Nc3 d4 3. Nb5 Nc6 4. c3 Nf6 5. Bd3 Bg4 6. f3 Be6 7. b4 g6 8. f4 Bg4 9. Nf3 Bg7 10. e5 Nh5 11. 0-0 Qd7 12. h3 Bf5 13. Bc4 0-0-0 14. Qa4 a6 15. Rd1 d3 16. Ng5 Rhf8 17. e6 fxe6 18. Re1 Ng3 19. Bxe6 Bxe6 20. Rxe6 Ne2+ 21. Kf1 Rxf4+ 22. Ke1 Rdf8 23. Rxc6 Rf1# 0-1